| 000 | 00384nam a2200145 4500 | ||
|---|---|---|---|
| 020 | _a978-607-15-1281-9 | ||
| 050 | _aQC311 C4618 2012 | ||
| 082 | _a536.7 C395t 2012 | ||
| 100 | _aCengel, Yunus A. | ||
| 245 | _aTermodin mica / Yunus A. Cengel | ||
| 250 | _a3 Español, 8 en Ingles | ||
| 260 | _aMéxico: McGraw Hill | ||
| 300 | _axx, 997p. II / 27cm. | ||
| 650 | _a1. TERMODINAMICA | ||
| 999 |
_c28426 _d28426 |
||